[Event "Niederbayernliga 1516"]
[Site "Bayern"]
[Date "2016.03.13"]
[Round "8.6"]
[White "Stadler, Helmut1111"]
[Black "Eberle, Anton"]
[Result "0-1"]
[WhiteElo "1765"]
[BlackElo "1723"]
[PlyCount "66"]
[EventDate "2015.10.11"]
[EventType "team-tourn"]
[EventRounds "9"]
[EventCountry "GER"]
[SourceTitle "EXT 2023"]
[Source "ChessBase"]
[SourceDate "2022.10.05"]
[SourceVersion "1"]
[SourceVersionDate "2022.10.05"]
[SourceQuality "1"]
[WhiteTeam "Grafenau"]
[BlackTeam "Roehrnbach II"]
[WhiteTeamCountry "GER"]
[BlackTeamCountry "GER"]

1. e4 c5 2. Nf3 d6 3. d4 cxd4 4. Nxd4 Nf6 5. Nc3 a6 6. Bd3 e6 7. 0-0 Be7 8. h3 0-0 9. Be3 Nc6 10. Nxc6 bxc6 11. Qe2 Nd7 12. f4 f6 13. Rad1 d5 14. exd5 exd5 15. Bf5 Nc5 16. Bxc8 Qxc8 17. Qf2 Nd7 18. Ne2 f5 19. Nd4 Nf6 20. c3 Ne4 21. Qc2 a5 22. Qa4 Ra6 23. Rfe1 Rd8 24. Nf3 Bd6 25. c4 Bb4 26. Rf1 dxc4 27. Rxd8+ Qxd8 28. a3 Qd3 29. Bf2 Bc5 30. Bxc5 Nxc5 31. Qd1 Qe3+ 32. Kh1 Nd3 33. Qc2 Qxf4 0-1

[Event "Niederbayernliga 1112"]
[Site "Bayern"]
[Date "2012.??.??"]
[Round "7"]
[White "Stadler, Helmut1111"]
[Black "Eberle, Anton"]
[Result "0-1"]
[WhiteElo "1792"]
[BlackElo "1717"]
[PlyCount "80"]
[EventDate "2011.10.??"]
[EventType "team-tourn"]
[EventRounds "9"]
[EventCountry "GER"]
[SourceTitle "EXT 2023"]
[Source "ChessBase"]
[SourceDate "2022.10.05"]
[SourceVersion "1"]
[SourceVersionDate "2022.10.05"]
[SourceQuality "1"]
[WhiteTeam "Grafenau"]
[BlackTeam "Roehrnbach"]
[WhiteTeamCountry "GER"]
[BlackTeamCountry "GER"]

1. e4 c5 2. Nf3 Nc6 3. d4 cxd4 4. Nxd4 Nf6 5. Nxc6 bxc6 6. Nc3 d6 7. Bd3 g6 8. 0-0 Bg7 9. Bd2 0-0 10. Rb1 Bd7 11. h3 Qc7 12. Bg5 Rfe8 13. Qd2 e6 14. Bh6 d5 15. Bxg7 Kxg7 16. Rfe1 d4 17. Ne2 e5 18. f4 c5 19. f5 c4 20. Rf1 Rac8 21. Qg5 h6 22. Qh4 g5 23. Qf2 cxd3 24. cxd3 Qa5 25. Ng3 Bb5 26. Qe2 Qxa2 27. Nh5+ Nxh5 28. Qxh5 Bxd3 29. f6+ Kh7 30. Ra1 Qc4 31. Rxa7 Rc7 32. Rfa1 Bxe4 33. Qg4 Bg6 34. h4 Rxa7 35. Rxa7 Qc1+ 36. Kh2 Qf4+ 37. Qg3 Qxg3+ 38. Kxg3 gxh4+ 39. Kf3 Re6 40. Rb7 Rxf6+ 0-1

[Event "Niederbayernliga 0607"]
[Site "Germany"]
[Date "2006.??.??"]
[Round "1.6"]
[White "Bilyavskyy, Borys"]
[Black "Eberle, Anton"]
[Result "0-1"]
[WhiteElo "1838"]
[BlackElo "1695"]
[PlyCount "65"]
[EventDate "2006.??.??"]
[EventType "team"]
[EventRounds "9"]
[EventCountry "GER"]
[SourceTitle "EXT 2008"]
[Source "ChessBase"]
[SourceDate "2007.11.25"]
[SourceVersion "1"]
[SourceVersionDate "2007.11.25"]
[SourceQuality "1"]
[WhiteTeam "Ergolding"]
[BlackTeam "Waldkirchen"]
[WhiteTeamCountry "GER"]
[BlackTeamCountry "GER"]

1. c4 c6 2. d4 d5 3. e3 Nf6 4. Nc3 e6 5. Nf3 Be7 6. Bd3 dxc4 7. Bxc4 0-0 8. 0-0 Nbd7 9. Bd3 Qc7 10. Qc2 Bd6 11. h3 e5 12. dxe5 Nxe5 13. Nxe5 Bxe5 14. f4 Bd6 15. e4 Ne8 16. e5 Bc5+ 17. Kh1 h6 18. Ne4 Bd4 19. Bd2 f6 20. Bb4 f5 21. Qc4+ Rf7 22. Qxd4 fxe4 23. Bc4 Bf5 24. Bxf7+ Kxf7 25. Rad1 Rc8 26. Qc4+ Be6 27. Qxe4 Bxa2 28. Qf5+ Kg8 29. Rd7 Qb6 30. Qf8+ Kh7 31. f5 Rd8 32. f6 Bd5 33. Bc3 0-1